Role technických výukových prostředků v elektronickém marketingu vysokých škol /

Hlavní autor: Chromý, Jan, 1956-
Jazyk: Čeština
Vydáno: [Bašť] : Verbum Praha, 2012
Vydání: Vyd. 1.
Edice: Komunikace a média
Témata:
Fyzický popis: 174 s. : il. ; 21 cm
Language note: Anglické resumé
Knihy
Uloženo v:
LEADER 01881nam a2200553 a 4500
001 nkc20122413333
003 CZ PrNK
005 20240730125834.0
007 ta
008 121106s2012 xr a f 001 0 cze
015 |a cnb002413333 
020 |a 978-80-905177-5-2  |q (brož.) 
035 |a (OCoLC)827260460 
040 |a ABA001  |b cze  |d BOA001 
041 0 |a cze  |b eng 
072 7 |a 378  |x Vysoké školy  |2 Konspekt  |9 22 
080 |a 378  |2 MRF 
080 |a 37.091.64  |2 MRF 
080 |a 658.8:316.77  |2 MRF 
080 |a 658.8:004.738.5  |2 MRF 
080 |a 004.738.12  |2 MRF 
080 |a (048.8)  |2 MRF 
100 1 |a Chromý, Jan,  |d 1956-  |7 mzk2005271942  |4 aut 
245 1 0 |a Role technických výukových prostředků v elektronickém marketingu vysokých škol /  |c Jan Chromý 
250 |a Vyd. 1. 
260 |a [Bašť] :  |b Verbum Praha,  |c 2012 
300 |a 174 s. :  |b il. ;  |c 21 cm 
490 1 |a Komunikace a média ;  |v sv. 7 
500 |a 400 výt. 
504 |a Obsahuje bibliografii, bibliografické odkazy a rejstříky 
546 |a Anglické resumé 
650 0 7 |a vysoké školy  |7 ph116649  |2 czenas 
650 0 7 |a didaktická technika  |7 ph119431  |2 czenas 
650 0 7 |a marketingová komunikace  |7 ph115228  |2 czenas 
650 0 7 |a internetový marketing  |7 ph137251  |2 czenas 
650 0 7 |a webové stránky  |7 ph117163  |2 czenas 
650 0 9 |a universities and colleges  |2 eczenas 
650 0 9 |a educational technology  |2 eczenas 
650 0 9 |a communication in marketing  |2 eczenas 
650 0 9 |a Internet marketing  |2 eczenas 
650 0 9 |a web pages  |2 eczenas 
655 7 |a monografie  |7 fd132842  |2 czenas 
655 9 |a monographs  |2 eczenas 
830 0 |a Komunikace a média  |0 s 
910 2 |a BOA001  |b 2-1297.174 
990 |a BK 
995 |a 01 
991 |b 201301  |c NOV  |e n 
996 6 |b 2610531530  |c 2-1297.174  |l MZK  |r Sklad / do 1 hodiny  |n 1  |p p.v.  |w 001306777  |u 000010  |a 1  |e BOA001  |j MZK50  |s P